[Event "Angers op 1st"]
[Site "Angers"]
[Date "2006.05.07"]
[Round "4"]
[White "Gaudemer, Ivan"]
[Black "Jolit, Max"]
[Result "1-0"]
[WhiteElo "1490"]
[BlackElo "1690"]
[PlyCount "100"]
[EventDate "2006.05.06"]
[EventType "swiss"]
[EventRounds "6"]
[EventCountry "FRA"]
[SourceTitle "EXT 2007"]
[Source "ChessBase"]
[SourceDate "2006.11.23"]
[SourceVersion "1"]
[SourceVersionDate "2006.11.23"]
[SourceQuality "1"]

1. e4 e5 2. Nf3 Nc6 3. d4 exd4 4. Nxd4 Bc5 5. Be3 Qf6 6. c3 Nge7 7. Bc4 Ne5 8. Bb3 0-0 9. 0-0 a6 10. Nd2 Ba7 11. N2f3 h6 12. Qe2 d6 13. h3 Kh8 14. Rfd1 c5 15. Nc2 Be6 16. Nce1 Bxb3 17. axb3 Qg6 18. Bf4 Nxf3+ 19. Nxf3 Rad8 20. c4 Bb8 21. Bg3 Rfe8 22. Bh4 f6 23. Ne1 Nf5 24. exf5 Qxf5 25. Qf3 Qd7 26. Bg3 Re6 27. Nc2 f5 28. Ne3 Rde8 29. Qxf5 Bc7 30. Qxc5 b6 31. Qd5 a5 32. Qb5 Qf7 33. Rd5 Qg6 34. Kh2 Rxe3 35. fxe3 Rxe3 36. Bf2 Re5 37. Re1 Qe6 38. Rexe5 dxe5 39. Bg3 Qf6 40. Bxe5 Bxe5+ 41. Rxe5 Qf4+ 42. Kg1 Qd4+ 43. Kf1 Qd1+ 44. Kf2 Qd4+ 45. Kf3 Qd1+ 46. Ke4 Qc2+ 47. Kd5 Qxg2+ 48. Kd6 Qg6+ 49. Kd5 Qd3+ 50. Kc6 Qd4 1-0